A matter of honor / (Record no. 3777)

000 -LEADER
fixed length control field aam a22 a 4500
003 - CONTROL NUMBER IDENTIFIER
control field AKMAL
005 - DATE AND TIME OF LATEST TRANSACTION
control field 20170524083850.0
008 - FIXED-LENGTH DATA ELEMENTS--GENERAL INFORMATION
fixed length control field 170524s1984 us 00 eng d
020 ## - INTERNATIONAL STANDARD BOOK NUMBER
International Standard Book Number 0025666002
082 04 - DEWEY DECIMAL CLASSIFICATION NUMBER
Classification number 791.45 KOW
090 20 - LOCALLY ASSIGNED LC-TYPE CALL NUMBER (OCLC); LOCAL CALL NUMBER (RLIN)
Classification number (OCLC) (R) ; Classification number, CALL (RLIN) (NR) 791.45
Local cutter number (OCLC) ; Book number/undivided call number, CALL (RLIN) KOW
100 1# - MAIN ENTRY--PERSONAL NAME
Personal name Kowet, Don
9 (RLIN) 7471
245 12 - TITLE STATEMENT
Title A matter of honor /
Statement of responsibility, etc. Don Kowet
260 ## - PUBLICATION, DISTRIBUTION, ETC.
Place of publication, distribution, etc. New York :
Name of publisher, distributor, etc. MacMillan Publ.,
Date of publication, distribution, etc. 1984
300 00 - PHYSICAL DESCRIPTION
Extent 317p. ;
Dimensions 24cm
500 ## - GENERAL NOTE
General note Index: p.307-317
650 #0 - SUBJECT ADDED ENTRY--TOPICAL TERM
Topical term or geographic name entry element Uncounted enemy (Television program)
9 (RLIN) 7472
650 #0 - SUBJECT ADDED ENTRY--TOPICAL TERM
Topical term or geographic name entry element Vietnamese Conflict
General subdivision Military intelligence
Chronological subdivision 1961-1975
Geographic subdivision United States
9 (RLIN) 7473
942 ## - ADDED ENTRY ELEMENTS (KOHA)
Source of classification or shelving scheme
Koha item type Book
Holdings
Withdrawn status Lost status Source of classification or shelving scheme Damaged status Not for loan Collection code Home library Current library Shelving location Date acquired Inventory number Total Checkouts Full call number Barcode Date last seen Price effective from Koha item type
          NON-FICTION AKMAL Melaka AKMAL Melaka PINJAMAN 24.05.2017 700005   791.45 KOW 201704869 24.05.2017 24.05.2017 Book
Pusat Sumber Maklumat Dato' Haji Sarmin Md Hussin, Akademi Kastam Diraja Malaysia, Melaka
Tel: 06-2331106 | Faks: 06-2313787